The devil is in the detail (Record no. 76803)
[ view plain ]
| 000 -LEADER | |
|---|---|
| fixed length control field | 01194cab a2200229 4500 |
| 001 - CONTROL NUMBER | |
| control field | ##L133104 |
| 008 - FIXED-LENGTH DATA ELEMENTS--GENERAL INFORMATION | |
| fixed length control field | 060411n2006 000 0 eng u |
| 035 ## - SYSTEM CONTROL NUMBER | |
| System control number | (Sirsi) u133104 |
| 041 0# - LANGUAGE CODE | |
| Language code of text/sound track or separate title | eng |
| 100 1# - MAIN ENTRY--PERSONAL NAME | |
| Personal name | Patterson, Lindy |
| 245 04 - TITLE STATEMENT | |
| Title | The devil is in the detail |
| 260 ## - PUBLICATION, DISTRIBUTION, ETC. | |
| Date of publication, distribution, etc. | 2006 |
| 490 #0 - SERIES STATEMENT | |
| Series statement | Construction News |
| Volume/sequential designation | (6950) 30 March 2006, 29(1) |
| 520 ## - SUMMARY, ETC. | |
| Summary, etc. | Emphasises the importance of ensuring that the contents of notices comply with contractual requirements and that service is effected in the correct manner and to the correct person, in the context of the decisions in "Shawton Engineering Ltd v DGP International Ltd" ([2005] EWCA Civ 1359, L131718), "Scrabster Harbour Trust v Mowlem plc" ([2005] Scot CS CSOH 44, unreported), and "Bernuth Lines Ltd v High Seas Shipping Ltd" ([2005] EWHC 3020 (Comm), L132502). |
| 590 ## - LOCAL NOTE (RLIN) | |
| Local note | IKA110406 |
| 650 24 - SUBJECT ADDED ENTRY--TOPICAL TERM | |
| Topical term or geographic name entry element | SHAWTON ENGINEERING LTD V DGP INTERNATIONAL LTD AND ANOTHER |
| 650 24 - SUBJECT ADDED ENTRY--TOPICAL TERM | |
| Topical term or geographic name entry element | SCRABSTER HARBOUR TRUST V MOWLEM PLC |
| 650 24 - SUBJECT ADDED ENTRY--TOPICAL TERM | |
| Topical term or geographic name entry element | BERNUTH LINES LIMITED V HIGH SEAS SHIPPING LIMITED |
| 650 24 - SUBJECT ADDED ENTRY--TOPICAL TERM | |
| Topical term or geographic name entry element | GOODWIN AND SONS V FAWCETT |
| 690 ## - LOCAL SUBJECT ADDED ENTRY--TOPICAL TERM (OCLC, RLIN) | |
| Topical term or geographic name as entry element | BUILT ENVIRONMENT-CONSTRUCTION MANAGEMENT-BUILDING CONTRACT ADMINISTRATION |
| 942 ## - ADDED ENTRY ELEMENTS (KOHA) | |
| Suppress in OPAC | 0 |
| Withdrawn status | Lost status | Source of classification or shelving scheme | Damaged status | Not for loan | Home library | Current library | Shelving location | Date acquired | Total Checkouts | Full call number | Barcode | Date last seen | Copy number | Price effective from | Koha item type |
|---|---|---|---|---|---|---|---|---|---|---|---|---|---|---|---|
| Dewey Decimal Classification | London | London | Journal article | 11/04/2006 | L133104 | 133104-1001 | 06/08/2019 | 1 | 06/08/2019 | Journal article |